| 000 | 005460000a22001810004500 | ||
|---|---|---|---|
| 003 | MACL | ||
| 005 | 20160407125448.0 | ||
| 008 | 160407b xxu||||| |||| 00| 0 eng d | ||
| 040 |
_aMACL _cMACL |
||
| 041 | _aHindi | ||
| 082 | _a500 | ||
| 100 |
_aउमरकुटटी ए. एन. पी _950940 |
||
| 245 | _aसमुद्र विज्ञान | ||
| 260 |
_bनेशनल बुक ट्रस्ट _c2011 _aनई दिल्ली |
||
| 350 | _a80 | ||
| 650 |
_aविज्ञान _950941 |
||
| 942 |
_cHIN _k500 _2ddc |
||
| 999 |
_c44935 _d44935 |
||